Educación cívica iii /

Guardado en:
Autor Principal: Bidart Campos, Germán José
Otros Autores: Donini, Antonio Oscar
Formato: Libro
Publicado: Buenos Aires : Estrada, 1992
Edición:6a. ed.
Materias:
Etiquetas: Agregar Etiqueta
Sin Etiquetas, Sea el primero en etiquetar este registro!
LEADER 01095nam a22002655a 4500
001 CEM.cems007211
005 20090416101934.0
008 130507s1992##################000#0#####d
003 CEMS
020 |a 9500102943 
082 0 4 |a 320 
100 1 |a Bidart Campos, Germán José 
245 1 0 |a Educación cívica iii /  |c Germán José Bidart Campos, Antonio Oscar Donini 
250 |a 6a. ed. 
260 |a Buenos Aires :  |b Estrada,  |c 1992 
300 |a 125 p. 
505 0 |a Población de la República Argentina -- Problemas de la población. Soluciones posibles -- Los partidos políticos -- Defensa de los derechos humanos -- Convivencia internacional 
653 |a Educación cívica 
653 |a Educación cívica-3er. año 
653 |a Educación cívica-egb 
653 |a Educación cívica-educación secundaria 
700 1 |a Donini, Antonio Oscar 
859 |a CEMS  |b BIB. CEMS - 11 de abril  |h 320  |i B473a6  |p 16991.93  |t Ej.1  |v III  |3 III 
859 |a CEMS  |b BIB. CEMS - 11 de abril  |h 320  |i B473a6  |p 16992.93  |t Ej.2  |v III  |3 III 
859 |a CEMS  |b BIB. CEMS - 11 de abril  |h 320  |i B473a6  |p 17061.93  |t Ej.3  |v III  |3 III